000 00539nam a2200217 a 4500
001 nice12345678
003 IN_TiNIC
005 20260116011736.0
008 070917s0000 hyda grp 000 0 eng
020 _a
_c100
082 0 0 _a269.2
_bHMI4
245 _aChristian Witmess Among Muslims
260 _aHyderabad
_bHenry Martyn Institute
_c0000
300 _a84p
500 _aincludes index and biblioraphy
650 _aEvangelistic Work
710 2 _aHenry Martyn Institute
902 _bSRS
942 _cBK
999 _c3621
_d3621